000 00495nam a2200157 i 4500
001 21114
003 ES-MaACL
007 t|
008 021121s1943 fr ||||1| fre d
100 1 _aAchard, Paul.
_918264
245 1 0 _aNous les chiens /
_cPaul Achard ; illustrations en coleurs de Hervé Baille.
260 _aParis :
_bNouvelle France,
_c[1943] (
_fAtelier d'Art Graphique)
300 _a251 p. :
_bil. ;
_c19 cm.
700 1 _aBaille, Hervé.
_924704
852 _aES-MaACL
_jE-949
_bR.26564
999 _c21114
_d21114